Statistics for Guess the Lyrics #47

Click here to take the quiz!

General Stats

  • This quiz has been taken 976 times
  • The average score is 311 of 496

Answer Stats

Lyrics% Correct
I
99%
A
97%
a
97%
you
95%
the
93%
love
89%
to
86%
And
83%
and
83%
me
83%
we
83%
be
82%
do
79%
in
79%
on
79%
is
77%
Your
76%
your
76%
can
75%
it
75%
Of
75%
of
75%
then
75%
my
74%
what
69%
ever
65%
there
63%
time
63%
now
62%
Now
62%
heart
61%
if
61%
don't
60%
get
60%
know
60%
like
59%
all
58%
see
58%
That
58%
was
58%
Every
57%
eyes)
57%
eyes
57%
have
56%
I'm
56%
need
56%
than
55%
by
54%
little
54%
more
54%
never
52%
you're
52%
But
51%
fall
51%
bit
50%
We're
50%
around)
49%
around,
49%
eclipse
49%
only
49%
say
49%
total
49%
life
48%
(Turn
48%
end
47%
forever
47%
apart
46%
nothing
46%
Nothing
46%
tonight
45%
look
44%
take
44%
bright
43%
hold
43%
light
43%
right
43%
we'll
43%
We'll
43%
dark
42%
lonely
42%
always
41%
falling
41%
Once
41%
there's
40%
There's
40%
Together
40%
upon
40%
tight
39%
off
37%
gone
36%
gonna
36%
really
36%
holding
34%
making
34%
start
34%
tired
34%
best
32%
coming
32%
line
32%
'round
32%
out
31%
sound
31%
got
30%
tears
30%
wrong
30%
'Cause
29%
years
28%
Forever's
27%
listening
27%
Living
27%
living
27%
nervous
27%
giving
25%
I've
25%
powder
25%
shadow
25%
terrified
25%
sparks
24%
cry
23%
dream
22%
arms
21%
keg
21%
something
19%
child
17%
angry
15%
restless
12%
lying
10%
wild
10%
helpless
9%

Score Distribution

Percentile by Number Answered

Percent of People with Each Score

Your Score History

You have not taken this quiz